| 000 | 00645nam a2200217Ia 4500 | ||
|---|---|---|---|
| 005 | 20250508160736.0 | ||
| 008 | 008 250505s9999 xx 000 0 eng d | ||
| 020 | _a0-87620-831-6 | ||
| 037 | _aTextual | ||
| 040 |
_aFEDL _beng _cFEDL |
||
| 041 |
_aeng _2eng |
||
| 084 |
_a371.42, MYR _qFEDL |
||
| 100 |
_aMyrick Robert D _9769257 |
||
| 245 | 0 | _aSchool counseling : problems and methods | |
| 260 |
_aPacific Palisades _bGoodyear Publishing Company, Inc _c1972 |
||
| 300 | _aviii,199p | ||
| 490 | _aGoodyear education series | ||
| 700 |
_a Wittmer Joe _9769258 |
||
| 942 |
_cTEXL _h371.42, MYR |
||
| 999 |
_c1366360 _d1366360 |
||